French Verbs Present Tense (Simple) Regular Verb Conjugations - Statistics

General Stats
  • This quiz has been taken 23 times
  • The average score is 14 of 18
Answer Stats
Subject (Verb) Answer % Correct
Je Parle
100%
Il/Elle/On Parle
100%
Tu Parles
100%
Vous Parlez
95%
Nous Parlons
95%
Ils/Elles Parlent
85%
Je choisis
80%
Tu choisis
80%
Nous Vendons
80%
Il/Elle/On Vend
75%
Ils/Elles Vendent
75%
Vous Vendez
75%
Je Vends
70%
Tu Vends
70%
Il/Elle/On choisit
65%
Ils/Elles choisissent
50%
Vous choisissez
50%
Nous choisissons
50%
No matching quizzes found
Score Distribution
Percent of People with Each Score
Percentile by Number Answered
Your Score History
You have not taken this quiz